[Event "Monarch Assurance Isle of Man"]
[Site "Port Erin IOM"]
[Date "2006.09.29"]
[Round "7.26"]
[White "Siebrecht, Sebastian"]
[Black "Szieberth, Adam"]
[Result "1-0"]
[WhiteElo "2417"]
[BlackElo "2328"]
[PlyCount "65"]
[EventDate "2006.09.23"]

1. d4 Nf6 2. Nf3 e6 3. c4 c5 4. d5 d6 5. Nc3 exd5 6. cxd5 g6 7. g3 Bg7 8. Bg2
O-O 9. O-O Nbd7 10. Nd2 a6 11. a4 Rb8 12. Nc4 Nb6 13. Nxd6 Bd7 14. a5 Na8 15.
Nde4 Nxe4 16. Nxe4 b6 17. Bg5 f6 18. Bf4 Rc8 19. Nd6 Rb8 20. axb6 Rxb6 21. Nc4
Rb4 22. b3 Nb6 23. Bd2 Nxc4 24. Bxb4 Nb2 25. Ba5 Nxd1 26. Bxd8 Rxd8 27. Rfxd1
Bb5 28. e3 Bf8 29. Bf1 Rd7 30. Bxb5 axb5 31. Ra5 b4 32. e4 Bd6 33. Rda1 1-0

[Event "Monarch Assurance Isle of Man"]
[Site "Port Erin IOM"]
[Date "2006.09.29"]
[Round "7.27"]
[White "Palliser, Richard JD"]
[Black "Meenakshi, S1."]
[Result "1-0"]
[WhiteElo "2413"]
[BlackElo "2310"]
[PlyCount "99"]
[EventDate "2006.09.23"]

1. d4 d5 2. c4 c6 3. Nf3 Nf6 4. Nc3 g6 5. Bf4 dxc4 6. a4 Nd5 7. Bd2 Nb4 8. e4
Nd3+ 9. Bxd3 cxd3 10. Be3 b6 11. Qxd3 Ba6 12. Qc2 Nd7 13. e5 e6 14. h4 h6 15.
Ne2 c5 16. d5 exd5 17. e6 Bg7 18. h5 Nf8 19. exf7+ Kxf7 20. Nf4 g5 21. Qf5+ Qf6
22. Qxd5+ Ne6 23. Qd7+ Qe7 24. Qxe7+ Kxe7 25. Ng6+ Ke8 26. O-O-O Rg8 27. Rhe1
Rd8 28. Bxg5 Rxd1+ 29. Kxd1 Kd7 30. Nfe5+ Kc7 31. Bd2 Nd4 32. Nf7 Nc6 33. Bf4+
Kb7 34. Nd6+ Ka8 35. Re8+ Rxe8 36. Nxe8 Bxb2 37. Nc7+ Kb7 38. Nxa6 Kxa6 39.
Bxh6 Ka5 40. Bf8 Nd8 41. h6 Ne6 42. Bd6 Kxa4 43. Be5 Bxe5 44. Nxe5 Nf8 45. g4
Nh7 46. f4 Kb3 47. g5 c4 48. Nxc4 Kxc4 49. g6 Nf8 50. g7 1-0

[Event "Monarch Assurance Isle of Man"]
[Site "Port Erin IOM"]
[Date "2006.09.29"]
[Round "7.28"]
[White "Kononenko, Tatiana"]
[Black "Eggleston, David J"]
[Result "1/2-1/2"]
[WhiteElo "2387"]
[BlackElo "2232"]
[PlyCount "142"]
[EventDate "2006.09.23"]

1. d4 e6 2. c4 f5 3. e3 Nf6 4. Bd3 Bb4+ 5. Bd2 Bxd2+ 6. Nxd2 O-O 7. Ngf3 c5 8.
O-O d6 9. Qc2 Nc6 10. a3 Nh5 11. d5 exd5 12. cxd5 Ne7 13. Bc4 Ng6 14. a4 Kh8
15. Ra3 Nf6 16. Rd1 Ng4 17. Be2 b6 18. h3 Nf6 19. Bc4 h6 20. Nb1 Bd7 21. Nc3
Qe7 22. Bd3 Nh7 23. Bb5 Bc8 24. Re1 Qf6 25. Raa1 a6 26. Bd3 Ra7 27. Rab1 Rc7
28. Qe2 Ra7 29. Qc2 Ng5 30. Nxg5 hxg5 31. Be2 Ne5 32. Qb3 Qd8 33. Rbd1 f4 34.
f3 fxe3 35. Ne4 Bf5 36. Qxe3 Bxe4 37. fxe4 a5 38. Rf1 Raf7 39. Rxf7 Rxf7 40. b3
g6 41. g3 Kg7 42. Kg2 {(=)} 42... Qe7 43. Rh1 Rf8 44. h4 Rh8 45. Qxg5 Qxg5 46.
hxg5 Rxh1 47. Kxh1 Nf7 48. Kg2 Nxg5 49. Bd3 Kf6 50. Kf2 Ke5 51. Ke3 Nh7 52. Be2
Nf6 53. Bf3 g5 54. g4 Nd7 55. Bd1 Kf6 56. Be2 Ne5 57. Kd2 Ke7 58. Ke3 Kd8 59.
Kd2 Kc7 60. Ke3 Ng6 61. Bc4 Kd7 62. Bd3 Ke7 63. Be2 Kf6 64. Bf1 Nh4 65. Bh3 Ke5
66. Bf1 Ng6 67. Bb5 Ne7 68. Bd3 Ng8 69. Be2 Nf6 70. Bf3 Nd7 71. Bd1 Nf6 1/2-1/2

[Event "Monarch Assurance Isle of Man"]
[Site "Port Erin IOM"]
[Date "2006.09.29"]
[Round "7.29"]
[White "Sahl, Bjarke"]
[Black "Groffen, Hans"]
[Result "1-0"]
[WhiteElo "2364"]
[BlackElo "2171"]
[PlyCount "123"]
[EventDate "2006.09.23"]

1. d4 d5 2. c4 c6 3. Nf3 Nf6 4. Nc3 a6 5. a4 e6 6. e3 Bb4 7. Qb3 a5 8. Bd3 O-O
9. O-O Nbd7 10. Qc2 Re8 11. Ne5 dxc4 12. Bxc4 Bf8 13. Ba2 Nd5 14. Bb1 g6 15.
Ne4 Bg7 16. f4 Nb4 17. Qf2 f6 18. Nd3 Qe7 19. Bd2 b6 20. Rc1 Bb7 21. Qe1 Nd5
22. b4 e5 23. Nxf6+ Bxf6 24. fxe5 Bg5 25. Ba2 Kh8 26. Bxd5 cxd5 27. Rc7 Ba6 28.
b5 Bc8 29. Qg3 Qd8 30. Rac1 Nf8 31. R1c6 Bf5 32. e4 Bh4 33. Qe3 dxe4 34. Nf4
Re7 35. Qc3 Rxc7 36. Rxc7 Rc8 37. Rc6 Rb8 38. g3 Be7 39. d5 Bb4 40. Qb2 Bxd2
41. Qxd2 Qe7 42. e6 Qb4 43. Qf2 Kg8 44. h3 Qb3 45. g4 e3 46. Qe1 Qxa4 47. Qxe3
Be4 48. Rc1 Re8 49. d6 Nxe6 50. d7 Re7 51. Nxe6 Rxd7 52. Rc8+ Kf7 53. Ng5+ Kg7
54. Nxe4 Qd1+ 55. Kh2 Re7 56. g5 Re5 57. Rc7+ Kf8 58. Qf4+ Rf5 59. Rc8+ Ke7 60.
Qc7+ Qd7 61. Qb8 Rc5 62. Rxc5 1-0

[Event "Monarch Assurance Isle of Man"]
[Site "Port Erin IOM"]
[Date "2006.09.29"]
[Round "7.30"]
[White "Mannion, Stephen"]
[Black "Savory, Richard J"]
[Result "1-0"]
[WhiteElo "2346"]
[BlackElo "2101"]
[PlyCount "115"]
[EventDate "2006.09.23"]

1. e4 c5 2. Nf3 d6 3. d4 cxd4 4. Nxd4 Nf6 5. Nc3 a6 6. f4 e6 7. Be2 Be7 8. a4
Qc7 9. O-O O-O 10. Be3 Nc6 11. Kh1 Re8 12. Bf3 Nxd4 13. Qxd4 e5 14. Qd2 exf4
15. Bxf4 Be6 16. Rfd1 Rad8 17. a5 Ng4 18. Bxg4 Bxg4 19. Nd5 Qd7 20. Re1 Be6 21.
Nb6 Qb5 22. b3 Bf6 23. Rab1 Be5 24. Bg5 f6 25. c4 Qc6 26. Bh4 g5 {(=)} 27. Bf2
Rf8 28. Bd4 h6 29. b4 Qe8 30. Rf1 Qh5 31. Bxe5 dxe5 32. Nd5 Kg7 33. b5 Qg4 34.
bxa6 Bxd5 35. cxd5 bxa6 36. Rb7+ Rf7 37. Rxf7+ Kxf7 38. Qd3 Qc8 39. Qf3 Rd6 40.
Rb1 Qc7 41. Qa3 Qc2 42. Rc1 Qd2 43. Qc5 Kg6 44. Qc8 Rd8 45. Qf5+ Kh5 46. Rf1
Qe2 47. Qxf6 Rc8 48. Qf7+ Kh4 49. Qf5 Rc3 50. Rg1 Re3 51. d6 Rd3 52. d7 Kh5 53.
Qf7+ Kh4 54. Qc4 Qe3 55. Qxa6 Qxe4 56. Qxh6+ Kg4 57. Qe6+ Kh4 58. d8=Q 1-0

[Event "Monarch Assurance Isle of Man"]
[Site "Port Erin IOM"]
[Date "2006.09.29"]
[Round "7.31"]
[White "Ashton, Adam G"]
[Black "Majer, Chris"]
[Result "1-0"]
[WhiteElo "2329"]
[BlackElo "1991"]
[PlyCount "77"]
[EventDate "2006.09.23"]

1. e4 d5 2. exd5 Qxd5 3. Nf3 Bg4 4. Be2 e5 5. Nc3 Qa5 6. d4 Bd6 7. Nxe5 Bxe5 8.
Bxg4 Bf6 9. O-O Ne7 10. Ne4 Qb6 11. c3 O-O 12. Qf3 Bh4 13. Nc5 f5 14. Bh3 Qg6
15. Re1 Nbc6 16. d5 Nd8 17. Bf4 Rc8 18. Rad1 Qf7 19. g3 Bf6 20. Nd7 Re8 21.
Nxf6+ Qxf6 22. Bg2 Rf8 23. h4 h6 24. h5 Qf7 25. c4 Kh7 26. c5 Ng8 27. Re5 Re8
28. Rde1 Rxe5 29. Rxe5 b6 30. Bh3 Rb8 31. Bxf5+ Kh8 32. Bg6 Qf6 33. Rf5 Qe7 34.
d6 Qe1+ 35. Kh2 cxd6 36. Bxd6 Rc8 37. Re5 Qd2 38. Re8 bxc5 39. Rxg8+ 1-0

[Event "Monarch Assurance Isle of Man"]
[Site "Port Erin IOM"]
[Date "2006.09.29"]
[Round "7.32"]
[White "Grant, Alan G"]
[Black "Fox, Anthony"]
[Result "1-0"]
[WhiteElo "2193"]
[BlackElo "2117"]
[PlyCount "183"]
[EventDate "2006.09.23"]

1. e4 e5 2. Nf3 Nc6 3. Bb5 a6 4. Ba4 Nf6 5. O-O Be7 6. Re1 b5 7. Bb3 d6 8. c3
O-O 9. h3 Bb7 10. d4 Re8 11. Nbd2 Bf8 12. d5 Nb8 13. Nf1 Nbd7 14. N3h2 Nc5 15.
Bc2 h6 16. Ng4 Nxg4 17. Qxg4 g6 18. b4 Nd7 19. a4 Nf6 20. Qh4 Nh5 21. Qg4 Nf6
22. Qe2 c6 23. dxc6 Bxc6 24. axb5 axb5 25. Rxa8 Qxa8 26. Nh2 Qb7 27. Ng4 Nxg4
28. Qxg4 Qd7 29. Qh4 Qe7 30. Qg4 Qd7 31. Qg3 Qe6 32. Bd2 Ra8 33. Rb1 Kh7 34.
Bb3 Qe7 35. Qd3 Qb7 36. f3 Ra3 37. Bc1 Ra8 38. Be3 Ra3 39. Qd2 Ra8 40. Rd1 Ra3
41. Qb2 Ra8 42. Kh2 Kg8 43. Qd2 Kh7 44. Rb1 Ra3 45. Qc1 Ra8 46. c4 Qd7 47. Qb2
bxc4 48. Bxc4 f5 49. b5 Bb7 50. Bd5 f4 51. Bf2 Be7 52. Qb3 Bd8 53. b6 Kg7 54.
Qb5 Qxb5 55. Rxb5 Bxd5 56. Rxd5 Ra2 57. Bg1 Rb2 58. Rxd6 Bh4 59. Rd7+ Kf6 60.
Rd6+ Kf7 61. Rd1 Bg3+ 62. Kh1 h5 63. Ra1 Kf6 64. Bc5 Rb5 65. Rc1 Ke6 66. Kg1
Kd7 67. Kf1 Rb2 68. Bg1 g5 69. Rc7+ Kd8 70. Bc5 Bh4 71. Be7+ Ke8 72. b7 Rf2+
73. Kg1 Rb2 74. Rc8+ Kxe7 75. b8=Q Bf2+ 76. Kf1 Rxb8 77. Rxb8 Bd4 78. Rh8 h4
79. Ke2 Kf6 80. Kd3 Kg7 81. Rb8 Kf6 82. Kc4 Ke6 83. Ra8 Bb2 84. Ra6+ Kf7 85.
Kd5 Bc3 86. Ra7+ Kf6 87. Kd6 Bb4+ 88. Kd7 Bc5 89. Ra6+ Kf7 90. Re6 Bd4 91. Kd6
Bc3 92. Rxe5 1-0

[Event "Monarch Assurance Isle of Man"]
[Site "Port Erin IOM"]
[Date "2006.09.29"]
[Round "7.33"]
[White "Lunn, Timothy"]
[Black "Roy Chowdhury, Saptarshi"]
[Result "0-1"]
[WhiteElo "2079"]
[BlackElo "2394"]
[PlyCount "92"]
[EventDate "2006.09.23"]

1. d4 e6 2. c4 b6 3. a3 Bb7 4. Nc3 g6 5. e4 Bg7 6. Nf3 d6 7. Be2 Nd7 8. Qc2 Ne7
9. Bg5 h6 10. Be3 O-O 11. g4 a6 12. h4 f5 13. gxf5 exf5 14. Rg1 Qe8 15. O-O-O
f4 16. Bd2 c5 17. e5 Nf5 18. e6 Qxe6 19. d5 Qf7 20. Bd3 Ne5 21. Nxe5 dxe5 22.
Rde1 Bc8 23. Ne4 Nxh4 24. Nd6 Qe7 25. Nxc8 Raxc8 26. Re4 Qd6 27. Qd1 Nf5 28.
Qg4 Kh7 29. Rge1 b5 30. Rxf4 Nd4 31. Rxf8 Rxf8 32. Rg1 Rf6 33. Be3 bxc4 34.
Bxc4 Nf5 35. Bd2 h5 36. Qe4 Bh6 37. Bxh6 Nxh6 38. f3 Rf4 39. Qd3 Qf6 40. d6 Rd4
41. Qb3 Rxd6 42. Qb7+ Qg7 43. Bxa6 Nf5 44. Re1 Rd7 45. Qb8 Re7 46. Bd3 Qh6+ 0-1

[Event "Monarch Assurance Isle of Man"]
[Site "Port Erin IOM"]
[Date "2006.09.29"]
[Round "7.34"]
[White "Hutchinson, Norman A"]
[Black "Spence, David J"]
[Result "1-0"]
[WhiteElo "2107"]
[BlackElo "2205"]
[PlyCount "51"]
[EventDate "2006.09.23"]

1. e4 e6 2. d4 d5 3. Nd2 Nf6 4. e5 Nfd7 5. Ngf3 c5 6. c3 Nc6 7. Bd3 Be7 8. O-O
g5 9. dxc5 g4 10. Nd4 Ndxe5 11. Bb5 Bd7 12. b4 h5 13. N2b3 a6 14. Ba4 Nc4 15.
f4 Qc7 16. Qe2 Kf8 17. Bxc6 bxc6 18. Qf2 Bf6 19. f5 Bxd4 20. Nxd4 exf5 21. Nxf5
Bxf5 22. Qxf5 Ra7 23. Qg6 Qe5 24. Bh6+ Ke8 25. Qxc6+ Kd8 26. Rae1 1-0

[Event "Monarch Assurance Isle of Man"]
[Site "Port Erin IOM"]
[Date "2006.09.29"]
[Round "7.35"]
[White "Nicholson, John"]
[Black "Collier, David O"]
[Result "1/2-1/2"]
[WhiteElo "1945"]
[BlackElo "2175"]
[PlyCount "35"]
[EventDate "2006.09.23"]

1. e4 e6 2. d4 d5 3. e5 c5 4. c3 Nc6 5. Nf3 Qb6 6. Bd3 Bd7 7. dxc5 Bxc5 8. O-O
a5 9. Nbd2 a4 10. b4 axb3 11. Nxb3 Bf8 12. Qe2 Nge7 13. Rb1 Nc8 14. Be3 Qc7 15.
Nc5 Bxc5 16. Bxc5 b6 17. Bd4 h6 18. c4 1/2-1/2

[Event "Monarch Assurance Isle of Man"]
[Site "Port Erin IOM"]
[Date "2006.09.29"]
[Round "7.36"]
[White "Marks, Ian A"]
[Black "Sarakauskiene, Zivile"]
[Result "0-1"]
[WhiteElo "1944"]
[BlackElo "2158"]
[PlyCount "138"]
[EventDate "2006.09.23"]

1. e4 c5 2. Nf3 e6 3. d4 cxd4 4. Nxd4 a6 5. Nc3 Qc7 6. Bd3 Nf6 7. O-O Be7 8.
Kh1 d6 9. f4 Nbd7 10. Qe2 O-O 11. Bd2 Re8 12. Rae1 e5 13. Nf5 Bf8 14. Bc4 Nb6
15. Bb3 Bxf5 16. exf5 exf4 17. Qf3 Nc4 18. Bxc4 Qxc4 19. Qxf4 {(=)} 19... d5
20. Qxc4 dxc4 21. Rxe8 Rxe8 22. Re1 Rxe1+ 23. Bxe1 Bb4 24. a3 Bc5 25. Bd2 Kf8
26. g3 Ke8 27. Kg2 Kd7 28. Kf3 Bd4 29. h3 Kc6 30. g4 b5 31. g5 Ne8 32. Be3 Bxc3
33. bxc3 Nd6 34. Kf4 Kd5 35. Bd4 g6 36. fxg6 fxg6 37. Bh8 Ne4 38. Bg7 Nd2 39.
Bf8 a5 40. Be7 Nb1 41. Bd8 a4 42. Be7 Nxc3 43. Bf6 Ne2+ 44. Ke3 Ng3 45. Bh8
Nf5+ 46. Kd2 Nd6 47. Ke3 Ne4 48. h4 Ng3 49. Kf4 Nf5 50. h5 Nd4 51. hxg6 hxg6
52. Ke3 Nxc2+ 53. Kd2 Nd4 54. Kc3 Nc6 55. Bf6 Ke4 56. Bg7 Kf4 57. Bf6 Kf5 58.
Kb2 b4 59. axb4 Nxb4 60. Ka3 Nd5 61. Bd4 Kxg5 62. Kxa4 Kf4 63. Bb2 g5 64. Bc1+
Ne3 65. Kb5 g4 66. Kc5 Ke4 67. Bd2 g3 68. Be1 g2 69. Bf2 c3 0-1

[Event "Monarch Assurance Isle of Man"]
[Site "Port Erin IOM"]
[Date "2006.09.29"]
[Round "7.37"]
[White "Fairbairn, Stephen"]
[Black "Henderikse, Bert"]
[Result "1/2-1/2"]
[WhiteElo "2088"]
[BlackElo "2019"]
[PlyCount "32"]
[EventDate "2006.09.23"]

1. c4 c5 2. Nc3 Nc6 3. g3 g6 4. Bg2 Bg7 5. Nf3 d6 6. O-O Nf6 7. d4 cxd4 8. Nxd4
Bd7 9. b3 O-O 10. Bb2 Qa5 11. Nxc6 Bxc6 12. Nd5 Nxd5 13. Bxg7 Kxg7 14. Bxd5
Bxd5 15. Qd4+ Kg8 16. Qxd5 Qxd5 1/2-1/2

[Event "Monarch Assurance Isle of Man"]
[Site "Port Erin IOM"]
[Date "2006.09.29"]
[Round "7.38"]
[White "Zimmerman, Yuri"]
[Black "De Lagontrie, Jean"]
[Result "1-0"]
[WhiteElo "2374"]
[BlackElo "1974"]
[PlyCount "107"]
[EventDate "2006.09.23"]

1. d4 Nf6 2. c4 g6 3. Nc3 Bg7 4. e4 d6 5. f4 O-O 6. Nf3 c5 7. dxc5 Qa5 8. Bd3
Qxc5 9. Qe2 Nc6 10. Be3 Qa5 11. O-O Ng4 12. Bd2 Nd4 13. Nxd4 Bxd4+ 14. Kh1 Qh5
15. h3 Nf6 16. Qxh5 Nxh5 17. Kh2 f5 18. Rab1 Bd7 19. exf5 gxf5 20. Ne2 Bh8 21.
Bc3 Bxc3 22. Nxc3 a6 23. Rbe1 Rae8 24. Be2 Nf6 25. Bf3 Bc6 26. Nd5 e5 27. Nc7
Re7 28. Bxc6 bxc6 29. fxe5 dxe5 30. Nxa6 Ne4 31. Nb4 c5 32. Nd5 Ra7 33. Re2 h5
34. h4 Kg7 35. b3 Rb7 36. Rf3 Rbf7 37. a3 Re8 38. b4 Re6 39. Ne3 Kg6 40. Nxf5
Rxf5 41. Rxe4 Rd6 42. b5 Rxf3 43. gxf3 Kf5 44. Kg3 Rd3 45. Re2 Rxa3 46. Rb2 e4
47. b6 Rxf3+ 48. Kg2 Ke5 49. b7 Rf8 50. b8=Q+ Rxb8 51. Rxb8 Kd4 52. Kf2 Kxc4
53. Ke3 Kc3 54. Rh8 1-0

[Event "Monarch Assurance Isle of Man"]
[Site "Port Erin IOM"]
[Date "2006.09.29"]
[Round "7.39"]
[White "Henrichsen, Jens"]
[Black "Fraser-Mitchell, J."]
[Result "1/2-1/2"]
[WhiteElo "2106"]
[BlackElo "2077"]
[PlyCount "117"]
[EventDate "2006.09.23"]

1. d4 Nf6 2. Nf3 b5 3. a4 b4 4. g3 e6 5. Bg2 Bb7 6. O-O c5 7. c3 Be7 8. dxc5
Bxc5 9. cxb4 Bxb4 10. Qb3 a5 11. Nc3 Na6 12. Be3 O-O 13. h3 Ne4 14. Nxe4 Bxe4
15. Ne5 Bxg2 16. Kxg2 Qc7 17. Nd3 Rab8 18. Rfc1 Qb7+ 19. f3 Be7 20. Qxb7 Rxb7
21. Rc2 Nb4 22. Nxb4 Bxb4 23. Rac1 h6 24. Kf2 d5 25. f4 Rd8 26. Bd4 f6 27. Rc6
Kf7 28. Rc7+ Rd7 29. R7c6 Re7 30. R1c2 e5 31. Bc5 Red7 32. fxe5 fxe5 33. e3 d4
34. exd4 exd4 35. Bxb4 Rxb4 36. R6c4 Rdb7 37. Ke2 Rxb2 38. Rc7+ Kf6 39. Rxb7
Rxc2+ 40. Kd3 Rc3+ 41. Kxd4 Rxg3 42. Rb6+ Ke7 43. Rb5 g5 44. Ke4 Rxh3 45. Rxa5
g4 46. Kf4 h5 47. Ra7+ Kd6 48. a5 Kc6 49. Rg7 Kb5 50. Rg5+ Ka6 51. Ke4 g3 52.
Kf3 h4 53. Kg2 Rh2+ 54. Kg1 Ra2 55. Rg4 Ra1+ 56. Kg2 Ra2+ 57. Kg1 Rh2 58. Rg5
Ka7 59. Rg4 1/2-1/2

[Event "Monarch Assurance Isle of Man"]
[Site "Port Erin IOM"]
[Date "2006.09.29"]
[Round "7.40"]
[White "Cafolla, Peter"]
[Black "Werner, Gert"]
[Result "1-0"]
[WhiteElo "2062"]
[BlackElo "2069"]
[PlyCount "117"]
[EventDate "2006.09.23"]

1. d4 Nf6 2. c4 g6 3. Nc3 Bg7 4. e4 d6 5. Be2 O-O 6. Nf3 e5 7. d5 Na6 8. Bg5 h6
9. Bh4 g5 10. Bg3 Nxe4 11. Nxe4 f5 12. Nc3 f4 13. Nd2 Bf5 14. Nde4 Nc5 15. Nxc5
dxc5 16. f3 fxg3 17. hxg3 e4 18. fxe4 Bg6 19. Qd3 Qe7 20. O-O-O Rad8 21. Bf3
Qe5 22. Bg4 a6 23. Be6+ Kh7 24. Rd2 Rf6 25. Bf5 Rb6 26. g4 Rb4 27. Rf2 b5 28.
cxb5 axb5 29. Qf3 Bxf5 30. Qxf5+ Qxf5 31. Rxf5 Bxc3 32. bxc3 Rxe4 33. Rf7+ Kg8
34. Rxc7 Rxd5 35. Rxh6 Re1+ 36. Kb2 Re2+ 37. Ka3 Re8 38. Ra7 Rde5 39. Rb6 b4+
40. cxb4 cxb4+ 41. Rxb4 Re3+ 42. Ka4 R3e4 43. a3 R4e5 44. Rc4 Re4 45. Rac7 Ra8+
46. Kb4 Rb8+ 47. Kc5 Rxc4+ 48. Kxc4 Ra8 49. Kb3 Rb8+ 50. Ka2 Rb5 51. Rc4 Kf7
52. a4 Ra5 53. Kb3 Ke6 54. Kb4 Re5 55. a5 Kd6 56. a6 Re2 57. Kb5 Rb2+ 58. Rb4
Rc2 59. a7 1-0

[Event "Monarch Assurance Isle of Man"]
[Site "Port Erin IOM"]
[Date "2006.09.29"]
[Round "7.41"]
[White "Ormsby, Alan"]
[Black "Spanton, Timothy"]
[Result "0-1"]
[WhiteElo "1939"]
[BlackElo "2075"]
[PlyCount "75"]
[EventDate "2006.09.23"]

1. e4 e5 2. Nf3 Nc6 3. d4 exd4 4. Nxd4 Bc5 5. Nxc6 Qf6 6. Qd2 dxc6 7. Bd3 Nh6
8. h3 Be6 9. Nc3 O-O-O 10. Qf4 Qe7 11. Be3 Rhe8 12. Bxc5 Qxc5 13. g4 f6 14.
O-O-O Nf7 15. Qg3 Ne5 16. f4 Nxd3+ 17. Rxd3 Rxd3 18. Qxd3 Rd8 19. Qf3 Qa5 20.
a3 Qc5 21. Re1 Re8 22. Rd1 Bc4 23. Na4 Qe7 24. Nc3 b5 25. e5 Qc5 26. exf6 gxf6
27. Ne4 Qe7 28. Nd6+ cxd6 29. Qxc6+ Kb8 30. b3 Rc8 31. Qa6 Bxb3 32. Qxb5+ Qb7
33. Qxb7+ Kxb7 34. Kb2 Ba4 35. Rxd6 Rxc2+ 36. Kb1 Rc6 37. Rd7+ Kb6 38. Rxh7 0-1